Introduction to electrochemistry (Record no. 16106)
[ view plain ]
| 000 -LEADER | |
|---|---|
| fixed length control field | 00543nam a22001697a 4500 |
| 008 - FIXED-LENGTH DATA ELEMENTS--GENERAL INFORMATION | |
| fixed length control field | 160926b xxu||||| |||| 00| 0 eng d |
| 020 ## - INTERNATIONAL STANDARD BOOK NUMBER | |
| International Standard Book Number | 033358912 |
| 040 ## - CATALOGING SOURCE | |
| Original cataloging agency | KABU |
| Transcribing agency | KABU |
| 050 ## - LIBRARY OF CONGRESS CALL NUMBER | |
| Classification number | QD553 |
| Item number | .H53 1993 c. 1 |
| 100 ## - MAIN ENTRY--PERSONAL NAME | |
| Personal name | Hibbert, D. Brynn |
| 245 ## - TITLE STATEMENT | |
| Title | Introduction to electrochemistry |
| Statement of responsibility, etc. | D. Brynn Hibbert |
| 260 ## - PUBLICATION, DISTRIBUTION, ETC. (IMPRINT) | |
| Place of publication, distribution, etc. | Hampshire |
| Name of publisher, distributor, etc. | The Macmillan press Ltd |
| Date of publication, distribution, etc. | 1993 |
| 300 ## - PHYSICAL DESCRIPTION | |
| Extent | xviii, 350 p. |
| 440 ## - SERIES STATEMENT/ADDED ENTRY--TITLE | |
| Title | Macmillan physical science series |
| 650 ## - SUBJECT ADDED ENTRY--TOPICAL TERM | |
| Topical term or geographic name as entry element | Electrochemistry |
| 942 ## - ADDED ENTRY ELEMENTS (KOHA) | |
| Source of classification or shelving scheme | Library of Congress Classification |
| Koha item type | General Collection |
| Classification part | QD553 .H53 1993 c. 1 |
| Withdrawn status | Lost status | Source of classification or shelving scheme | Not for loan | Home library | Current library | Shelving location | Date acquired | Cost, normal purchase price | Total Checkouts | Full call number | Barcode | Date last seen | Date last checked out | Copy number | Price effective from | Koha item type |
|---|---|---|---|---|---|---|---|---|---|---|---|---|---|---|---|---|
| Library of Congress Classification | Kabarak, Main Campus | Kabarak, Main Campus | General Stacks | 26/09/2016 | 14.00 | 1 | QD553 .H53 1993 c. 1 | 026755 | 29/06/2019 | 22/06/2019 | c. 1 | 26/09/2016 | General Collection | |||
| Library of Congress Classification | Kabarak, Main Campus | Kabarak, Main Campus | General Stacks | 26/09/2016 | 14.00 | 1 | QD553 .H53 1993 c. 2 | 026754 | 09/04/2018 | 26/03/2018 | c. 2 | 26/09/2016 | General Collection | |||
| Library of Congress Classification | Kabarak, Main Campus | Kabarak, Main Campus | General Stacks | 26/09/2016 | 14.00 | QD553 .H53 1993 c. 3 | 026751 | 26/09/2016 | c. 3 | 26/09/2016 | General Collection | |||||
| Library of Congress Classification | Kabarak, Main Campus | Kabarak, Main Campus | General Stacks | 26/09/2016 | 14.00 | QD553 .H53 1993 c. 4 | 026753 | 26/09/2016 | c. 4 | 26/09/2016 | General Collection | |||||
| Library of Congress Classification | Kabarak, Main Campus | Kabarak, Main Campus | General Stacks | 26/09/2016 | 14.00 | 1 | QD553 .H53 1993 c. 5 | 026752 | 05/12/2016 | 31/10/2016 | c. 5 | 26/09/2016 | General Collection |